Enzýmy degradujúce lignín-sacharidové komplexy

Guardado en:
Detalles Bibliográficos
Autor principal: Poliačik, Marek (Autor)
Otros Autores: Kántorová, Kristína (Orientador)
Formato: Manuscrito Libro
Lenguaje:eslovaco
Publicado: 2025
Materias:
Acceso en línea:http://is.stuba.sk/zp/portal_zp.pl?podrobnosti=178386
Etiquetas: Agregar Etiqueta
Sin Etiquetas, Sea el primero en etiquetar este registro!

MARC

LEADER 00000ntm a22000003a 4500
001 stuzp105036
003 SK-STU
005 20250628212314.2
007 ta
008 150427s2015----xo-----f-mn---000-0-slo-d
040 |a STU  |b slo 
041 0 |a slo 
100 1 |a Poliačik, Marek  |u 044000  |4 aut  |U FCHPT Fakulta chemickej a potravinárskej technológie  |T FCHPT Ústav biotechnológie  |X 122565  |U C4000  |Y 102  |7 122565 
242 0 1 |a Enzymes Degrading Lignin-carbohydrate Complexes  |y eng 
245 1 0 |a Enzýmy degradujúce lignín-sacharidové komplexy 
260 |c 2025 
650 4 |a rekombinantný enzým  |2 slo 
650 4 |a glukuronoylesteráza  |2 slo 
650 4 |a Pichia pastoris  |2 slo 
650 4 |a dlhodobá stabilita  |2 slo 
650 4 |a Pichia pastoris  |2 eng 
650 4 |a glucuronoyl esterase  |2 eng 
650 4 |a recombinant enzyme  |2 eng 
650 4 |a long-term stability  |2 eng 
700 1 |a Kántorová, Kristína  |u 044000  |k Z8  |4 ths  |U FCHPT Fakulta chemickej a potravinárskej technológie  |T FCHPT Ústav biotechnológie  |X 50617  |U C4000  |Y 102  |7 A0000050617 
856 4 |u http://is.stuba.sk/zp/portal_zp.pl?podrobnosti=178386